INCRIDIBLE INDIA 2.0 (Record no. 26342)

MARC details
000 -LEADER
fixed length control field 00333nam a22001577a 4500
003 - CONTROL NUMBER IDENTIFIER
control field SGT
020 ## - INTERNATIONAL STANDARD BOOK NUMBER
International Standard Book Number 9789353337308
082 ## - DEWEY DECIMAL CLASSIFICATION NUMBER
Classification number 025.4618
Item number I19K
100 ## - MAIN ENTRY--PERSONAL NAME
Personal name KANT, AMITABH
245 ## - TITLE STATEMENT
Title INCRIDIBLE INDIA 2.0
250 ## - EDITION STATEMENT
Edition statement 1ST
260 ## - PUBLICATION, DISTRIBUTION, ETC. (IMPRINT)
Place of publication, distribution, etc INDIA
Name of publisher, distributor, etc RUPA PUB
Year of Publication 2019
300 ## - PAGE DESCRIPTION
No. of Pages 224
650 ## - SUBJECT ADDED ENTRY--TOPICAL TERM
Topical term or geographic name as entry element GENERAL BOOKS
942 ## - ADDED ENTRY ELEMENTS (KOHA)
Source of classification or shelving scheme Dewey Decimal Classification
Koha item type Books
Holdings
Withdrawn status Lost status Source of classification or shelving scheme Damaged status Not for loan Collection code Home library Current library Shelving location Date acquired Vendor Name Cost, normal purchase price SGTU Bill Number Total Checkouts Full call number Accession No. (Barcode) Date last seen Bill Date Koha item type
    Dewey Decimal Classification   Not For Loan MEDICAL SGT Medical Library SGT Medical Library Reference Book 15/05/2024 BRIJWASI BOOKS DISTRIBUTORS 595.00 SGTU BW/000103   025.4618 I19K FM14406 15/05/2024 15/05/2024 Books
    Dewey Decimal Classification   Not For Loan MEDICAL SGT Medical Library SGT Medical Library Reference Book 15/05/2024 BRIJWASI BOOKS DISTRIBUTORS 595.00 SGTU BW/000103   025.4618 I19K FM14407 15/05/2024 15/05/2024 Books